000 nam a22 a 4500
999 _c1683
_d1683
003 AKMAL
005 20170511123542.0
008 170511s2000 my 00 may d
020 _a9676111120 (kkt.):
_cRM22.00
040 _aAKMAL
_cAKMAL
049 0 0 _aklpmal
082 0 4 _a332.6322 SAL
090 0 0 _a332.6322
_bSAL
090 2 0 _a332.6322
_bSAL
100 0 _aSalihin Ramli
_93453
245 1 0 _aPasaran niaga hadapan :
_bmelindung nilai dan spekulasi /
_cSalihin Ramli
260 _aKuala Lumpur :
_bUtusan Publications & Distributors,
_c2000
300 0 0 _a326ms. :
_bil. ;
_c22cm
440 0 _aSiri pengurusan dan perniagaan Utusan
_93454
500 _aMengandungi indeks
504 _aBibliografi : ms. 310-316
650 0 _aStock index futures
_93455
650 0 _aSpeculation
_93456
942 _2ddc
_cBOOK